000
00305nam a2200145Ia 4500
100
_a
Robb/ Colin
942
_c
BK
654
_a
data book
245
_a
Metals Data Book
260
_b
Insitute of Metals
_a
Hyderabad
_c
1987
082
_a
620.16
_b
ROB
300
_a
500
546
_a
ENGLISH
999
_c
31697
_d
31697